European Countries with an 'A' Quiz Stats

 Plays Quiz Updated Aug 5, 2016

Challenge
Share
Tweet
Score 0/37 Timer 03:00
44 Plays Today
% Correct
France
98.3%
Spain
98.1%
Austria
97.3%
Germany
97.2%
Italy
97.2%
Poland
97.2%
Romania
96.6%
Latvia
96.3%
Finland
96.1%
Lithuania
96.1%
Ireland
95.6%
Croatia
95.4%
Slovakia
95.4%
Bosnia and Herzegovina
95.2%
Estonia
95.2%
Belarus
95%
Bulgaria
95%
Ukraine
94.9%
Hungary
94.8%
% Correct
Norway
94.7%
Switzerland
94.4%
Russia
94.4%
Serbia
94%
Netherlands
93.9%
Portugal
93.7%
Albania
93.7%
Denmark
91.8%
Macedonia
91.7%
Iceland
91.4%
Moldova
90.4%
Slovenia
88.8%
Andorra
83.9%
San Marino
83.7%
Czechia
78.3%
Vatican City
71.3%
Monaco
63.7%
Malta
60.6%

You're not logged in!

Compare scores with friends on all Sporcle quizzes.
Join for Free
OR
Log In

You Might Also Like...

Show Comments

Extras

Top Quizzes Today


Score Distribution

Your Account Isn't Verified!

In order to create a playlist on Sporcle, you need to verify the email address you used during registration. Go to your Sporcle Settings to finish the process.

Report this User

Report this user for behavior that violates our Community Guidelines.

Details: